| 000 | 01959nam a2200277Ia 4500 | ||
|---|---|---|---|
| 999 |
_c56339 _d56339 |
||
| 001 | 23452 | ||
| 003 | GE_BSU | ||
| 005 | 20260121210112.0 | ||
| 008 | 181216s1992||||ge |||||||||||||| ||geo|| | ||
| 040 | _cGE_BSU | ||
| 041 | _ageo | ||
| 080 | _a94(479.222.1)"17"+929.731(479.22) რ-52 | ||
| 100 |
_aრეხვიაშვილი, მიხეილ _926716 |
||
| 245 |
_aიმერთა მეფენი - სოლომონ პირველი და სოლომონ მეორე / _bმიხეილ რეხვიაშვილი ; [რედ.: ქ. ჩხატარაიშვილი]. |
||
| 264 |
_aქუთაისი : _bსარანგი, _c1992. |
||
| 300 |
_a328 გვ. ; _c20 სმ. |
||
| 500 | _aფორზაცზე მიხეილ რეხვიაშვილის სასაჩუქრე მინაწერი გივი კობახიძისადმი | ||
| 500 | _aწიგნი იმერთა მეფეების სოლომონ პირველისა და სოლომონ მეორის გმირული ბრძოლებით აღსავსე ისტორიას მოგვითხრობს | ||
| 520 | _aწიგნი იმერთა მეფეების სოლომონ პირველისა და სოლომონ მეორის გმირული ბრძოლებით აღსავსე ისტორიას მოგვითხრობს | ||
| 541 | _h10 ლ. | ||
| 653 | _aიმერეთის ისტორია | ||
| 653 | _aიმერეთის მეფეები | ||
| 653 | _aიმერთა მეფენი - სოლომონ პირველი და სოლომონ მეორე | ||
| 700 |
_a ჩხატარაიშვილი, ქ. _eრედაქტორი _926717 |
||
| 942 |
_cBK _2udc |
||